Crisis y perspectivas del sector salud hacia el siglo XXI: la reforma del sector salud /

Guardat en:
Dades bibliogràfiques
Autor principal: Miranda, Guido
Format: Text
Matèries:
Etiquetes: Afegir etiqueta
Sense etiquetes, Sigues el primer a etiquetar aquest registre!

MARC

LEADER 00000 a a2200000 04500
001 17368
003
040
100 |a Miranda, Guido  
245 |a Crisis y perspectivas del sector salud hacia el siglo XXI:   |b la reforma del sector salud /  |c Guido Miranda 
650 |a REFORMA SOCIAL  
650 |a POLITICA SOCIAL  
650 |a SALUD  
650 |a ADMINISTRACION DE LA SALUD  
650 |a POLITICA DE SALUD  
773 |g número 1; páginas 129-170  
999 |c 19649  |d 19649